2822-大阪市西成区(大阪府)の駅 - Statistics

General Stats
  • This quiz has been taken 11 times
  • The average score is 12 of 19
Answer Stats
Answer % Correct
新今宮
91%
動物園前
91%
岸里
91%
萩ノ茶屋
82%
天下茶屋
82%
岸里玉出
82%
木津川
73%
津守
73%
玉出
73%
西天下茶屋
64%
花園町
64%
新今宮駅前
64%
今池
45%
今船
45%
天神ノ森
45%
松田町
36%
聖天坂
36%
塚西
36%
東玉出
27%
No matching quizzes found
Score Distribution
Percent of People with Each Score
Percentile by Number Answered
Your Score History
You have not taken this quiz